000 00599nam a2200205 i 4500
001 42123
003 ES-MaACL
005 20230906160542.0
007 t|
008 030312s1964 sp ||||1| cat d
100 1 _aCastanys, Valentín.
_936401
245 1 3 _aLa memáoria es divertix
_b: migsegle de records /
_cValentí Castanys.
250 _a1ª ed.
260 _aBarcelona :
_bDestino,
_c1964.
300 _a210 p., 19 lám. :
_bil. ;
_c20 cm.
490 1 _aCollecció el Dofi
830 0 _aCollecció el Dofi
_9181925
852 _aES-MaACL
_jC-25632
_bR.54229
999 _c42123
_d42123